New techniques in amino acid, peptide, and protein analysis. (Record no. 4497)

000 -LEADER
fixed length control field 00876nam a2200277 4500
001 - CONTROL NUMBER
control field 2218385
003 - CONTROL NUMBER IDENTIFIER
control field OSt
005 - DATE AND TIME OF LATEST TRANSACTION
control field 20220323130131.0
008 - FIXED-LENGTH DATA ELEMENTS--GENERAL INFORMATION
fixed length control field 720210s1971 miua b 001 0 eng
010 ## - LIBRARY OF CONGRESS CONTROL NUMBER
LC control number 75109131
020 ## - INTERNATIONAL STANDARD BOOK NUMBER
International Standard Book Number 025039992X
040 ## - CATALOGING SOURCE
Original cataloging agency DLC
Transcribing agency DLC
Modifying agency DLC
050 00 - LIBRARY OF CONGRESS CALL NUMBER
Classification number QD431
Item number .N52
082 00 - DEWEY DECIMAL CLASSIFICATION NUMBER
Classification number 547/.75
245 00 - TITLE STATEMENT
Title New techniques in amino acid, peptide, and protein analysis.
Statement of responsibility, etc. Edited by A. Niederwieser and G. Pataki.
260 ## - PUBLICATION, DISTRIBUTION, ETC.
Place of publication, distribution, etc. [Ann Arbor, Mich.]
Name of publisher, distributor, etc. Ann Arbor Science Publishers
Date of publication, distribution, etc. c1971.
300 ## - PHYSICAL DESCRIPTION
Extent 461 p.
Other physical details illus.
Dimensions 24 cm.
504 ## - BIBLIOGRAPHY, ETC. NOTE
Bibliography, etc. note Includes bibliographical references and index.
650 #0 - SUBJECT ADDED ENTRY--TOPICAL TERM
Topical term or geographic name entry element Proteins
General subdivision Analysis.
650 #0 - SUBJECT ADDED ENTRY--TOPICAL TERM
Topical term or geographic name entry element Amino acids
General subdivision Analysis.
650 #0 - SUBJECT ADDED ENTRY--TOPICAL TERM
Topical term or geographic name entry element Peptides
General subdivision Analysis.
700 1# - ADDED ENTRY--PERSONAL NAME
Personal name Niederwieser, A.,
Relator term ed.
700 1# - ADDED ENTRY--PERSONAL NAME
Personal name Pataki, György,
Relator term ed.
906 ## - LOCAL DATA ELEMENT F, LDF (RLIN)
a 7
b cbc
c orignew
d 2
e ncip
f 19
g y-gencatlg
942 ## - ADDED ENTRY ELEMENTS (KOHA)
Source of classification or shelving scheme
Koha item type Book
Suppress in OPAC CM
Holdings
Withdrawn status Lost status Source of classification or shelving scheme Damaged status Not for loan Permanent Location Current Location Shelving location Date acquired Source of acquisition Total Checkouts Full call number Barcode Date last seen Price effective from Koha item type Public note
          AU LIBRARY AU LIBRARY Open Shelf 23.03.2022 DONATION FROM MOI UNIVERSITY   QD431 .N52 28006449 23.03.2022 23.03.2022 Book CM

Powered by Koha